Informační soustava podniku
Gespeichert in:
| 1. Verfasser: | |
|---|---|
| Format: | Buch |
| Sprache: | Tschechisch |
| Veröffentlicht: |
Valašské Meziřící
Obchodní akademie
1991
|
| Ausgabe: | 1. vyd. |
| Schlagworte: | |
| Tags: |
Keine Tags, Fügen Sie das erste Tag hinzu!
|
MARC
| LEADER | 00000nam a2200000 4500 | ||
|---|---|---|---|
| 001 | c000954 | ||
| 005 | 20221214093815.3 | ||
| 041 | 0 | |a cze | |
| 044 | |a CZ | ||
| 245 | 1 | 0 | |a Informační soustava podniku |c Naděžda Klainová |
| 250 | |a 1. vyd. | ||
| 264 | 1 | |a Valašské Meziřící |b Obchodní akademie |c 1991 | |
| 300 | |a 174 s. | ||
| 610 | 2 | 0 | |a sústava informačná |
| 610 | 2 | 0 | |a podnik |
| 610 | 2 | 0 | |a prostriedky podnikové |
| 610 | 2 | 0 | |a súvaha |
| 610 | 2 | 0 | |a účtovníctvo |
| 610 | 2 | 0 | |a štatistika |
| 610 | 2 | 0 | |a evidencia hospodárska |
| 610 | 2 | 0 | |a prostriedky základné |
| 610 | 2 | 0 | |a mzdy |
| 610 | 2 | 0 | |a využitie počítačov |
| 610 | 2 | 0 | |a školy stredné odborné |
| 100 | 1 | |a Klainová, Naděžda | |